Top 20 des personnages les plus cool de Harry Potter - Statistiques

Statistiques générales
  • Ce quiz a été pris 626 fois
  • Le résultat moyen est 16 sur 21
Statistiques - réponses
Classement Bon ou Mauvais Sexe Réponse % Correct
4 Bon H Harry Potter
98%
2 Bon F Hermione Granger
98%
7 Bon H Ron Weasley
97%
13 Mauvais puis bon H Drago Malefoy
84%
9 Bon Créature Dobby
83%
6 Bon H Albus Dumbledore (Dumby)
82%
3 Bon H Sirius Black
82%
19 Mauvais H Vold euh pardon Vous savez qui
82%
15 Bon F Ginny Weasley
80%
1 Mauvais puis bon H Severus Rogue
80%
14 Bon H Fred Weasley
79%
17 Bon H George Weasley
78%
11 Bon F Luna Lovegood
78%
16 Mauvais F Bellatrix Lestrange
76%
12 Bon H Neville Londubat
75%
18 Bon Animal Hedwige
73%
8 Bon H Rubeus Hagrid
73%
5 Bon F Minerva McGonagall
72%
20 Bon F Molly Weasley
67%
10 Bon H Rémus Lupin (le best)
49%
21(bonus) Bon H Norbert Dragonneau
19%
Aucun quiz correspondant
Distribution des résultats
% des personnes avec chaque résultat
Percentile par nombre de réponses
Votre historique - résultats
Vous n’avez pas pris ce quiz